[Event "Montigny le Bretonneux op 21st"]
[Site "Montigny le Bretonneux"]
[Date "2017.05.28"]
[Round "9"]
[White "Tornare, Michel"]
[Black "Artieres, Michel"]
[Result "1/2-1/2"]
[WhiteElo "1835"]
[BlackElo "1753"]
[PlyCount "61"]
[EventDate "2017.05.25"]
[EventType "swiss"]
[EventRounds "9"]
[EventCountry "FRA"]
[SourceTitle "EXT 2020"]
[Source "ChessBase"]
[SourceDate "2019.10.17"]
[SourceVersion "1"]
[SourceVersionDate "2019.10.17"]
[SourceQuality "1"]

1. Nf3 Nf6 2. d4 d6 3. c4 Nbd7 4. Nc3 e5 5. Bg5 Be7 6. e3 0-0 7. Be2 c6 8. dxe5 dxe5 9. 0-0 Qc7 10. Qc2 Nc5 11. b4 Ne6 12. Bxf6 Bxf6 13. Nd2 b6 14. Rfd1 Be7 15. a3 f5 16. Nb3 Ng5 17. c5 Be6 18. cxb6 axb6 19. Nd5 Bxd5 20. Rxd5 Qb7 21. Rd2 Qc7 22. Rad1 Rad8 23. Bb5 Rxd2 24. Rxd2 Qa7 25. Qxc6 Qxa3 26. Bc4+ Kh8 27. Qxb6 Ne4 28. Rd1 Qb2 29. Rf1 Qc3 30. Rc1 Qb2 31. Rf1 1/2-1/2

[Event "Montigny le Bretonneux op 21st"]
[Site "Montigny le Bretonneux"]
[Date "2017.05.27"]
[Round "6"]
[White "Couradin, Bruno"]
[Black "Tornare, Michel"]
[Result "0-1"]
[WhiteElo "1550"]
[BlackElo "1835"]
[PlyCount "74"]
[EventDate "2017.05.25"]
[EventType "swiss"]
[EventRounds "9"]
[EventCountry "FRA"]
[SourceTitle "EXT 2020"]
[Source "ChessBase"]
[SourceDate "2019.10.17"]
[SourceVersion "1"]
[SourceVersionDate "2019.10.17"]
[SourceQuality "1"]

1. e4 d5 2. exd5 Qxd5 3. Nc3 Qd8 4. d4 Nf6 5. Nf3 c6 6. h3 Bf5 7. a4 e6 8. Bc4 Bb4 9. Bd2 Nbd7 10. 0-0 0-0 11. Re1 Nb6 12. Bb3 h6 13. a5 Nbd7 14. Ne4 Bxd2 15. Nexd2 c5 16. c3 Qc7 17. Bc2 Bxc2 18. Qxc2 Rac8 19. Ne4 Nxe4 20. Qxe4 Rfd8 21. a6 b6 22. Qb7 Qb8 23. Ne5 Nxe5 24. dxe5 Rd5 25. Red1 Qxb7 26. axb7 Rb8 27. Rxd5 exd5 28. Rd1 Rxb7 29. Rxd5 Kf8 30. f4 Ke7 31. Kf2 Rd7 32. g4 Ke6 33. f5+ Ke7 34. f6+ gxf6 35. exf6+ Ke6 36. Rh5 Kxf6 37. Rxh6+ Kg7 0-1

[Event "Montigny le Bretonneux op 21st"]
[Site "Montigny le Bretonneux"]
[Date "2017.05.25"]
[Round "3"]
[White "Tornare, Michel"]
[Black "Hogrel, Nicolas"]
[Result "1-0"]
[WhiteElo "1835"]
[BlackElo "2008"]
[PlyCount "58"]
[EventDate "2017.05.25"]
[EventType "swiss"]
[EventRounds "9"]
[EventCountry "FRA"]
[SourceTitle "EXT 2020"]
[Source "ChessBase"]
[SourceDate "2019.10.17"]
[SourceVersion "1"]
[SourceVersionDate "2019.10.17"]
[SourceQuality "1"]

1. Nf3 Nf6 2. d4 g6 3. c4 Bg7 4. Nc3 0-0 5. Bg5 d6 6. e3 c6 7. Be2 Nbd7 8. Qc2 Re8 9. 0-0 b6 10. h3 Bb7 11. Rfd1 Rc8 12. b4 Qc7 13. Rac1 e6 14. a4 a6 15. Bf4 e5 16. dxe5 dxe5 17. Bg5 c5 18. b5 a5 19. Nd2 e4 20. Bf4 Qd8 21. Nd5 Nxd5 22. cxd5 f5 23. Nc4 Bf8 24. Qb3 Qf6 25. d6 Kg7 26. Nxb6 Nxb6 27. d7 Nxd7 28. Rxd7+ Re7 29. Rcd1 Rc7 1-0

[Event "Montigny le Bretonneux-A 7th"]
[Site "Montigny le Bretonneux"]
[Date "2008.11.01"]
[Round "8"]
[White "Jean, Robert"]
[Black "Tornare, Michel"]
[Result "1/2-1/2"]
[WhiteElo "1838"]
[BlackElo "1890"]
[PlyCount "152"]
[EventDate "2008.10.25"]
[EventType "tourn"]
[EventRounds "9"]
[EventCountry "FRA"]
[SourceTitle "EXT 2009"]
[Source "ChessBase"]
[SourceDate "2008.11.26"]
[SourceVersion "1"]
[SourceVersionDate "2008.11.26"]
[SourceQuality "1"]

1. c4 e5 2. Nc3 Nc6 3. Nf3 g6 4. d4 exd4 5. Nxd4 Bg7 6. e3 Nge7 7. Be2 0-0 8. 0-0 Nxd4 9. exd4 d5 10. Bg5 f6 11. Bf4 c6 12. Re1 Kh8 13. Qd2 Be6 14. b3 Re8 15. h3 Qd7 16. Bf1 Bg8 17. Rad1 dxc4 18. bxc4 Nf5 19. Rxe8 Rxe8 20. d5 Bf8 21. g4 Nh4 22. Qd3 cxd5 23. cxd5 Bd6 24. Bg3 g5 25. Bxh4 gxh4 26. Qf3 Be5 27. Bb5 Qc8 28. Bxe8 Qxe8 29. Ne4 Qd8 30. d6 Bxa2 31. Qa3 Bc4 32. Qxa7 Be2 33. Rd2 Bf3 34. Qxb7 h5 35. d7 hxg4 36. Qc8 Bc7 37. Qxd8+ Bxd8 38. Nxf6 Bxf6 39. d8Q+ Bxd8 40. Rxd8+ Kg7 41. hxg4 Bxg4 42. Kh2 Kg6 43. Rd4 Kg5 44. Rb4 Bf5 45. Kg2 Bg4 46. f4+ Kf5 47. Kh2 Bf3 48. Kh3 Be4 49. Kxh4 Kxf4 50. Kh3 Kf3 51. Rb3+ Kf4 52. Rb8 Bf5+ 53. Kh4 Be4 54. Rf8+ Ke5 55. Kg5 Kd4 56. Kf4 Bd5 57. Rd8 Kc4 58. Ke5 Bc6 59. Rd2 Bf3 60. Rd4+ Kc5 61. Rd3 Bg2 62. Rc3+ Kb4 63. Kd4 Kb5 64. Rc1 Kb6 65. Rc3 Bf1 66. Ke5 Kb5 67. Rc2 Bd3 68. Rc3 Bf1 69. Kd4 Bg2 70. Rg3 Bf1 71. Rg5+ Kc6 72. Rg6+ Kb5 73. Kd5 Bc4+ 74. Kd4 Bf1 75. Rg1 Be2 76. Rc1 Bf3 1/2-1/2